Sláva a úskalí zahraničních rozvojových misí
Stále viac spoločností v Česku a v na Slovensku vysiela pracovníkov do zahraničia na strednodobé rozvojové či krátkodobé projektové stáže. Skúsenosť zo zahraničia je považovaná za súčasť kariérneho rozvoja. Aké sú predpoklady úspešných zahraničných misií.
Gespeichert in:
| 1. Verfasser: | |
|---|---|
| Format: | Buchkapitel |
| Sprache: | Tschechisch |
| Schlagworte: | |
| Tags: |
Keine Tags, Fügen Sie das erste Tag hinzu!
|
MARC
| LEADER | 00000naa$a2200000$$$4500 | ||
|---|---|---|---|
| 001 | 0106821 | ||
| 005 | 20231113131817.0 | ||
| 041 | 0 | |a cze | |
| 044 | |a CZ | ||
| 245 | 1 | 0 | |a Sláva a úskalí zahraničních rozvojových misí |c Radka Červinková |
| 520 | |a Stále viac spoločností v Česku a v na Slovensku vysiela pracovníkov do zahraničia na strednodobé rozvojové či krátkodobé projektové stáže. Skúsenosť zo zahraničia je považovaná za súčasť kariérneho rozvoja. Aké sú predpoklady úspešných zahraničných misií. | ||
| 610 | 2 | 0 | |a Slovensko |
| 610 | 2 | 0 | |a Česko |
| 610 | 2 | 0 | |a cesty pracovné |
| 610 | 2 | 0 | |a stáže študijné |
| 100 | 1 | |a Červinková, Radka | |